000 01665cam a22005054i 4500
003 PE-LiUPU
005 20250731165454.0
008 150623s r 000 0 d
020 _a8488810199
035 _a(Sirsi) i9788488810199
040 _aPE-LiUPU
_bspa
_cPE-LiUPU
_erda
049 _aPRUA
082 0 4 _a492.6d
_bO45
_221
100 1 _aOlmo Lete, Gregorio del,
_eautor.
245 1 0 _aDiccionario de la lengua Ugarítica :
_bvol. I.
264 1 _aBarcelona :
_bAusa,
_c1996.
300 _a250 páginas ;
_c28 centímetros
336 _atext
_2rdacontent
337 _aunmediated
_2rdamedia
338 _avolume
_2rdacarrier
490 0 _aAula Orientalis - Supplementa ;
_v7
505 0 _aAbreviaturas. -Diccionario. -Ugaritico.
526 _aSEG44
526 _aSEG26
526 _aP151
526 _aP150
526 _aP149
526 _aP146
526 _aP145
526 _aP126
526 _aP125
526 _aP92
526 _aP75
526 _aP74
526 _aP27
526 _aP15
650 0 4 _aUGARITICO
_vDICCIONARIOS '(a/i/u) - l.
700 1 _aSanmartín, J.
942 _2ddc
_cBOOK
949 _aRC 492.6D O45
_wDEWEY
_c1
_i44773
_lCCODEBUL1
_mBUL
_r0
_sY
_tBOOK
_u2015-6-24
_xTEOLOGIA
_PP35
_0COMPRA
_o.CIRCNOTE. No olvidar cambiar la fecha de devolución!!!!!!!
_o.STAFF. Colección General
994 _aC0
_bPEPRU
596 _a1
999 _aRC 492.6D O45
_wDEWEY
_c21642
_i44773
_f2021-11-8
_g5
_lCCODEBUL1
_mBUL
_r1
_sY
_tBOOK
_u2015-6-24
_xTEOLOGIA
_PP35
_0COMPRA
_o.CIRCNOTE. No olvidar cambiar la fecha de devolución!!!!!!!
_o.STAFF. Colección General
_d21642
980 _81
_gALBERTO SANCHEZ Responsable de Automatización